|
|
|
|
| LEADER |
00000nam a2200000 a 4500 |
| 005 |
20111223142620.0 |
| 007 |
cr|||| |||| |
| 008 |
090709s2009 spc 000 0 spa c |
| 017 |
|
|
|a DL NA. 1623-2009
|
| 020 |
|
|
|a 9788476988534 (cart.)
|
| 035 |
|
|
|a 4948
|
| 040 |
|
|
|d vLex
|
| 090 |
|
|
|c 2876
|d 2876
|
| 100 |
1 |
|
|a Blanco Lozano, Carlos
|
| 245 |
1 |
3 |
|a La Omisin̤ del deber de socorro en el derecho penal
|h [Recurso electrn̤ico] /
|c Carlos Blanco Lozano
|
| 256 |
|
|
|a Servicio en ln̕ea
|
| 260 |
|
|
|a Barcelona :
|b Bosch,
|c 2009
|
| 300 |
|
|
|a 1 recurso electrn̤ico
|
| 504 |
|
|
|a Notas. Bibliografa̕ p. [331]-368
|
| 506 |
1 |
|
|a Contenido solo disponible en los productos indicados
|d vLex Global
|d vLex Global (Academic Edition, excluding Law Schools)
|d vLex Global (U.S. Academic Edition, Law Schools)
|d vLex Global (U.S. Academic Edition, excluding Law Schools)
|d vLex Global (Academic Edition, Law Schools)
|
| 650 |
0 |
4 |
|a Delitos por omisin̤
|
| 650 |
0 |
4 |
|a Derecho penal
|
| 740 |
0 |
|
|a vLex Libros (Servicio en ln̕ea)
|
| 830 |
|
0 |
|a Bosch penal
|
| 856 |
4 |
0 |
|u http://vlex.com/source/omision-deber-socorro-derecho-penal-4948
|z Acceso restringido
|
| 942 |
|
|
|c BOOK
|
| 999 |
0 |
|
|a Omission, Criminal
|
| 999 |
0 |
|
|a Criminal law
|